US Cities by Three-Letter Sequence Quiz Stats

 Plays Quiz not verified by Sporcle

Support Sporcle.
Go Orange.
Score 0/16 Timer 02:00
0 Plays Today
Letter Sequence City % Correct
EWY???
89.3%
UQU???
84%
VER???
84%
VEG???
84%
ROI???
72%
HVI???
69.3%
LLA???
68%
ISV???
57.3%
Letter Sequence City % Correct
IEG???
57.3%
EMP???
56%
GTO???
54.7%
OEN???
53.3%
LPA???
53.3%
OTT???
53.3%
LAH???
40%
UKE???
30.7%

You're not logged in!

Compare scores with friends on all Sporcle quizzes.
OR
Log In

From the Vault

What Movie? Back to the Camera VII

by Larryholmes79

At the very least, it's nice to know these movies have your back.
Remove Ads.
Support Sporcle.
Get the best of Sporcle when you Go Orange. This ad-free experience offers more features, more stats, and more fun while also helping to support Sporcle. Thank you for becoming a member.

Show Comments

Extras

Top Quizzes Today


Score Distribution

Your Account Isn't Verified!

In order to create a playlist on Sporcle, you need to verify the email address you used during registration. Go to your Sporcle Settings to finish the process.

Report this User

Report this user for behavior that violates our Community Guidelines.

Details: